Estudio sistemt̀ico de la ley de jurisdiccin̤ voluntaria Ley 15/2015, de 2 de julio /

Detalles Bibliográficos
Autor principal: Monje Balmaseda, Oscar
Formato: eBook
Lenguaje:español
Publicado: Madrid: Dykinson, 2016
Materias:
Acceso en línea:Acceso restringido

MARC

LEADER 00000nam a22000007a 4500
005 20190416214645.0
007 cr|||| ||||
008 190416s2016 es |||||s|||| 00||0 spa d
020 |a 978-84-1324-102-9 
035 |a 23257 
040 |a vLex 
090 |c 8637  |d 8637 
100 1 |a Monje Balmaseda, Oscar 
245 1 0 |a Estudio sistemt̀ico de la ley de jurisdiccin̤ voluntaria  |h [Recurso electrn̤ico] :  |b Ley 15/2015, de 2 de julio /  |c Oscar Monje Balmaseda 
256 |a Servicio en ln̕ea 
260 |a Madrid:  |b Dykinson,  |c 2016 
300 |a 1 recurso electrn̤ico 
500 |a La nueva ley de jurisdiccin̤ voluntaria (Ley 15/2015) de 2 de julio, pretende dar respuesta a un problema ya “crn̤ico”, en la administracin̤ de justicia espaǫla, la agilidad en los procedimientos y el interš del ciudadano, que como explica la exposicin̤ de motivos de la ley, a lo largo de su articulado se establecen instrumentos sencillos, efectivos y adecuados a la realidad social a la que se aplican, en el caso de que se requieran la intervencin̤ de los Tribunales de justicia a travš de cualquiera de los actos de jurisdiccin̤ voluntaria. El texto legal que es objeto de desarrollo y pormenorizado comentario, en esta obra colectiva, pretende –como se ha argumentado con buen criterio– deslindar aquellos m̀bitos en los que aun no ejerciňdose jurisdiccin̤; sin embargo existe la necesidad de una especial proteccin̤ de determinados derechos, en cuyo caso el juez es quien debe tutelar el expediente. Separadas tales materias, la tutela de cualquier otro derecho que se resuelva a travš de un expediente de jurisdiccin̤ voluntaria exige la participacin̤ de quien ejerce. “autoridad pb︢lica”, para lo que es precisa la existencia de un funcionario pb︢lico. Estudio pormenorizado de la nueva Ley de Jurisdiccin̤ voluntaria en el que ms̀ de 90 autores analizan, artc̕ulo por artc̕ulo, las principales novedades que introduce la reforma. 
506 1 |a Disponible solo en los productos indicados  |d vLex Global  |d vLex Global (Academic Edition, excluding Law Schools)  |d vLex Global (U.S. Academic Edition, Law Schools)  |d vLex Global (U.S. Academic Edition, excluding Law Schools)  |d vLex Global (Academic Edition, Law Schools) 
650 0 4 |a Derecho Civil  |z Espaą 
740 0 |a vLex Libros (Servicio en ln̕ea) 
856 4 0 |u http://vlex.com/source/estudio-sistematico-de-la-ley-de-jurisdiccion-voluntaria-ley-15-2015-de-2-de-julio-23257  |z Acceso restringido 
942 |c BOOK 
999 0 |a Civil Law